|
|
|
|
| LEADER |
00947pam a22002898a 4500 |
| 001 |
00046122 |
| 005 |
20201215141211.0 |
| 008 |
201214s2019####-vm#################vie|d |
| 020 |
# |
# |
|a 9786045542651
|d 0
|
| 041 |
0 |
# |
|a vie
|
| 082 |
0 |
4 |
|a 915.973 1
|b T527T
|
| 100 |
# |
# |
|a Vũ, Văn Quân
|e Chủ biên
|
| 245 |
1 |
0 |
|a Tuyển tập địa bạ Thăng Long - Hà Nội: Địa bạ huyện Thanh Oai
|c Vũ Văn Quân (ch.b.)
|n T.2
|
| 260 |
# |
# |
|a Hà Nội
|b Hà Nội
|c 2019
|
| 300 |
# |
# |
|a 896tr.
|c 24cm
|
| 490 |
0 |
# |
|a Tủ sách Thăng Long 1000 năm
|
| 651 |
# |
7 |
|2 Bộ TK TVQG
|a Hà Nội
|
| 651 |
# |
7 |
|2 Bộ TK TVQG
|a Phú Xuyên
|
| 653 |
# |
# |
|a Hà Nội
|
| 653 |
# |
# |
|a Thanh Oai
|
| 653 |
# |
# |
|a Thăng Long
|
| 653 |
# |
# |
|a Địa bạ
|
| 852 |
# |
# |
|j KD.0027662
|
| 920 |
|
|
|a Vũ Văn Quân
|
| 930 |
|
|
|a 450188
|
| 941 |
|
|
|a DP
|b XH
|
| 980 |
# |
# |
|a Trung tâm Học liệu Lê Vũ Hùng, Trường Đại học Đồng Tháp
|